| 000 | 01248nam a2200325 i 4500 | ||
|---|---|---|---|
| 003 | EG-ScBUE | ||
| 005 | 20240212142459.0 | ||
| 008 | 170619s2017 ua oc f 000 0bara d | ||
| 040 |
_aEG-ScBUE _bara _erda _cEG-ScBUE _dEG-ScBUE |
||
| 043 | _af-ua--- | ||
| 082 | 0 | 4 |
_a923.1 _bأ غ ل _222 |
| 245 | 0 | 0 |
_aأغلى الذكريات / _c[مؤسسة روزاليوسف الصحفية] |
| 250 | _aالطبعة الثانية. | ||
| 264 | 1 |
_aالقاهرة : _bمؤسسة روز اليوسف الصحفية، _c2017. |
|
| 300 |
_a105 صفحة : _bصور ؛ _c24 سم. |
||
| 336 |
_2rdacontent _aنص _btxt |
||
| 337 |
_aبدون وسيط _2rdamedia _bn |
||
| 338 |
_aمجلد _bnc _2rdacarrier |
||
| 490 | 0 | _aكتاب الذهبي | |
| 541 | _aإهداء من ا. محمد فريد خميس. | ||
| 590 | _aWessam | ||
| 600 | 1 | 7 |
_aعبد الناصر، جمال، _d1918-1970. _2BUEsh _940803 |
| 600 | 1 | 0 |
_aعبد الناصر، جمال، _d1918-1970. _vصور شخصية. _2BUEsh |
| 650 | _2BUEsh | ||
| 651 | 7 |
_aمصر _xتاريخ _yالعصر الحديث _yثورة 1952 م. _2BUEsh _915844 |
|
| 653 |
_bBUSBOL _cJune2017 |
||
| 655 | _vReading book | ||
| 710 | 2 |
_aمؤسسة روزاليوسف الصحفية، _eمؤلف. _941818 |
|
| 942 | _2ddc | ||
| 999 |
_c24928 _d24900 |
||